000 00247nam a22001217a 4500
008 170504b xxu||||| |||| 00| 0 eng d
041 _aeng
080 _a34
100 _a13
101 _aSHJ
245 _aCJ 2010
_cFAGIN.J.A
942 _2udc
_cBK
999 _c12612
_d12612